Vista normal
Vista MARC
Entrada Término cronológico
Número de registros utilizados en: 1
001 - NÚMERO DE CONTROL
- campo de control: 3199
003 - IDENTIFICADOR DE NÚMERO DE CONTROL
- campo de control: PE-LiUPU
005 - FECHA Y HORA DE LA ÚLTIMA TRANSACCIÓN
- campo de control: 20231026181042.0
008 - ELEMENTOS DE DATO DE LONGITUD-FIJA
- campo de control de longitud fija: 231026|| aca||babn | a|a d
040 ## - FUENTE DE CATALOGACIÓN
- Centro catalogador/agencia de origen: PE-LiUPU
148 ## - ENCABEZAMIENTO--TÉRMINO CRONOLÓGICO
- Término cronológico: Dos de Mayo, Combate del, 1866